000 03565cam a22012134i 4500
003 PE-LiUPU
005 20250813185440.0
008 150623s r 000 0 d
020 _a0943595789
035 _a(Sirsi) i9780943595788
040 _aPE-LiUPU
_bspa
_cPE-LiUPU
_erda
049 _aPRUA
082 0 4 _a306.766
_bK13
_221
100 1 _aKader, Samuel,
_eautor.
245 1 0 _aOpenly gay openly christian /
_cSamuel Kader.
250 _b
264 1 _aSan Francisco, CA :
_bLeyland Publications,
_c1999.
300 _a159 páginas ;
_c21 centímetros
336 _atext
_2rdacontent
337 _aunmediated
_2rdamedia
338 _avolume
_2rdacarrier
504 _aIncluye bibliografía.
505 0 _aOpenly gay, openly christian: An introduction. As we study the Bible. Sodom revisisted. Leviticus and the law. Qadesh revealed. New testament passages used to clobber gay people: a fresh look: 1 Corinthians/1 Timothy. Who are the people so described?. Sanctified gays. Inheriting the kingdom of God. Conclusion. Romas 1. The verses you don't hear about: Introduction. Eunuchs are unique. The promise to eunuchs and strangers. The promise fulfilled. Conclusion. Don't quote Jesus when you call us names!. Same sex love stories: Ruth and Naomi. David and Jonathan. Conclusion. Historiacal same sex commitment ceremonies within the church. Traditions and the tabernacle of David: The debate ensues!. Legalistic christianity vs. Spiritual christianity: A gay perspective. Overview and conclusions.
526 _aP202
526 _aP201
526 _aP163
526 _aP162
526 _aP161
526 _aP160
526 _aP148
526 _aP147
526 _aP146
526 _aP145
526 _aP144
526 _aP143
526 _aP142
526 _aP141
526 _aP140
526 _aP139
526 _aP138
526 _aP137
526 _aP136
526 _aP135
526 _aP134
526 _aP133
526 _aP129
526 _aP128
526 _aP127
526 _aP120
526 _aP119
526 _aP118
526 _aP116
526 _aP115
526 _aP114
526 _aP110
526 _aP109
526 _aP108
526 _aP104
526 _aP103
526 _aP102
526 _aP99
526 _aP98
526 _aP97
526 _aP96
526 _aP95
526 _aP93
526 _aP90
526 _aP89
526 _aP88
526 _aP83
526 _aP82
526 _aP62
526 _aP59
526 _aP58
526 _aP57
526 _aP51
526 _aP49
526 _aP48
526 _aP47
526 _aP29
526 _aP24
526 _aP20
526 _aP19
526 _aP17
526 _aP15
526 _aP14
526 _aP12
526 _aP10
526 _aP09
526 _aP08
526 _aP07
526 _aP06
526 _aP05
526 _aP04
526 _aP01
650 0 4 _aHomosexualidad
_xAspectos religiosos (Cristianismo).
650 0 4 _aHomosexualidad
_xEnseñanza bíblica.
942 _2ddc
_cBOOK
949 _a306.766 K13
_wDEWEY
_c1
_i51055
_lCCODEBUL1
_mBUL
_p10.00
_r0
_sY
_tBOOK
_u2015-6-24
_xTEOLOGIA
_PP35
_0COMPRA
_o.STAFF. Colección General
994 _aC0
_bPEPRU
596 _a1
999 _a306.766 K13
_wDEWEY
_c32745
_i51055
_f2021-11-11
_g5
_lCCODEBUL1
_mBUL
_p10.00
_r0
_sY
_tBOOK
_u2015-6-24
_xTEOLOGIA
_PP35
_0COMPRA
_o.STAFF. Colección General
_d32745
980 _81
_gALBERTO SANCHEZ Responsable de Automatización